To the rescue: say no to corruption
Tallennettuna:
| Päätekijä: | |
|---|---|
| Aineistotyyppi: | Kirja |
| Kieli: | englanti |
| Julkaistu: |
Author House Publishers
2014.
|
| Tagit: |
Lisää tagi
Ei tageja, Lisää ensimmäinen tagi!
|
MARC
| LEADER | 00000nam a22000007a 4500 | ||
|---|---|---|---|
| 008 | 210408b ||||| |||| 00| 0 eng d | ||
| 020 | |a 978-1-4918-3948-5 | ||
| 100 | |a DADA, Amos Dele. | ||
| 245 | |a To the rescue: |b say no to corruption |c Amos Dele |Dada. |g 177p | ||
| 260 | |b Author House Publishers |c 2014. |h Bloomington, IN |i 688985 |i 688986 |l JQ3545 .D12 |m Corruption – Nigeria | ||
| 942 | |a lcc |c BK |e Adeniran F. A |f 08/04/2021 | ||
| 952 | |0 0 |1 0 |2 lcc |4 0 |6 JQ3545 D12 |7 0 |9 2082 |a HOL |b SSL |c GJ |d 2021-04-08 |l 0 |o JQ3545 .D12 |p 2021-5939 |r 2021-04-08 00:00:00 |w 2021-04-08 |y BK | ||
| 952 | |0 0 |1 0 |2 lcc |4 0 |6 JQ3545 D12 |7 0 |9 2083 |a HOL |b HOL |c GJ |d 2021-04-08 |l 0 |o JQ3545 .D12 |p 2021-5940 |r 2021-04-08 00:00:00 |w 2021-04-08 |y BK | ||
| 999 | |c 1084 |d 1084 | ||